Fr. Conceicao Rodrigues College of Engineering

Computer programming in fortran -77 (Record no. 24134)

MARC details
000 -LEADER
fixed length control field 00292nam a2200133Ia 4500
100 ## - MAIN ENTRY--PERSONAL NAME
Personal name Rajaraman/V
250 ## - EDITION STATEMENT
Edition statement 3
245 ## - TITLE STATEMENT
Title Computer programming in fortran -77
260 ## - PUBLICATION, DISTRIBUTION, ETC.
Name of publisher, distributor, etc. prentice hall
Place of publication, distribution, etc. New Delhi
Date of publication, distribution, etc. 1988
300 ## - PHYSICAL DESCRIPTION
Extent 182
546 ## - LANGUAGE NOTE
Language note ENGLISH
654 ## - SUBJECT ADDED ENTRY--FACETED TOPICAL TERMS
Focus term programming
942 ## - ADDED ENTRY ELEMENTS (KOHA)
Koha item type BOOK
Holdings
Withdrawn status Lost status Damaged status Not for loan Collection Home library Current library Shelving location Date acquired Total Checkouts Full call number Barcode Date last seen Price effective from Koha item type
        CRC Fr. Agnel's C.Rodrigues College of Engineering Fr. Agnel's C.Rodrigues College of Engineering   17/03/2023   9915 17/03/2023 17/03/2023 BOOK